| 000 | 02073nam0a2200385 4500 | ||
|---|---|---|---|
| 001 | RU\NLR\BIBL_A\022418736 | ||
| 005 | 20250324133243.0 | ||
| 010 |
_a978-5-88337-155-3 _9500 |
||
| 021 |
_aRU _bКН-П-24-068901 _9КН-П-24-6885 |
||
| 035 | _a(NLR Aleph) 022418736 | ||
| 090 |
_a13337843 _c13337843 |
||
| 100 | _a20241223d2024 u y0rusy50 ca | ||
| 101 | 0 |
_arus _aeng |
|
| 102 | _aRU | ||
| 105 | _aa|||j|||000yy | ||
| 181 | 0 |
_ai _bxxxe |
|
| 182 | 0 | _an | |
| 200 | 1 |
_aРусский язык в упражнениях _dRussian in exercises _eучебное пособие для высших учебных заведений, ведущих подготовку по направлению 050100 "Педагогическое образование" _e(для говорящих на английском языка) _fС. А. Хавронина, А. И. Широченская _zeng |
|
| 203 |
_aТекст _bвизуальный _cнепосредственный |
||
| 210 |
_aМосква _cРусский язык. Курсы _d2024 |
||
| 215 |
_a382, [1] с. _cил. _d21 |
||
| 300 | _aНа 4-й с. обл. авт.: Хавронина С. А., проф., Широченская А. И., доц | ||
| 300 | _aАвт. также англ.: S. A. Khavronina, A. I. Shirochenskaya | ||
| 333 | _a16+ | ||
| 510 | 1 |
_6z11790 _aRussian in exercises _zeng |
|
| 606 | 1 |
_aРусский язык _jУчебные издания для иностранцев _2nlr-sh2 _3RU\NLR\auth\66969347 |
|
| 686 | 1 | _aШ141.12-93англ | |
| 700 | 1 |
_aХавронина _bС. А. _f1930- _gСерафима Алексеевна _3RU\NLR\AUTH\7733519 |
|
| 701 | 1 |
_aШироченская _bА. И. _f1933-2022 _gАлександра Ивановна _3RU\NLR\AUTH\7733522 |
|
| 790 | 1 |
_6z11 _aChavronina _bS. A. _f1930- _gSerafima Alekseevna _3RU\NLR\AUTH\7733521 |
|
| 790 | 1 |
_6z11 _6z11510 _aŠiročenskaja _bA. I. _f1933-2022 _gAleksandra Ivanovna _3RU\NLR\AUTH\7733524 |
|
| 942 | _cBOOK | ||
| 980 | _aNB | ||